000 00705nam a2200241Ia 4500
003 OSt
005 20220930195201.0
006 a|||||r|||| 00| 0
007 ta
008 220926b |||||||| |||| 00| 0 hin d
024 _a14523
037 _cDissertations
040 _aCRL
_cCRL
_bhin
041 _2hin
_ahin
100 _aGupt Gyan Chand
_9563951
110 _aUniversity of Delhi. Faculty of Arts. Department of Translation Courses
_9560865
245 0 _aSamrajya ka ant
260 _c1971
650 _aHINDI LANGUAGE
700 _aUniversity of Delhi. Faculty of Arts. Department of Translation Courses
_9560866
942 _cDIS
_2CC
999 _c898725
_d898725